000 00870nam a2200241 a 4500
003 CBULib
005 20240410144334.0
008 190521s2015 ||||||||||||||||| || u
020 _a9789211128970
040 _aCBULib
_bEnglish
_cCBULib
_erda
050 _aUN(05)TC/2015/23/1
110 _aUnited Nations Conference on Trade and Development (UNCTAD)
245 1 0 _aTransnational Corporations : volume 23 number 1
_c/ by United Nations Conference on Trade and Development (UNCTAD)
260 _aNew York :
_bUnited Nation,
_c2015.
300 _aiv , 98pages : illustrations.
336 _2rdacontent
_aText |
_btxt
337 _2rdamedia
_aUnmediated |
_bn
338 _2rdacarrier
_aVolume
_bnc
650 _aINTERNATIONAL BUSINESS ENTERPRISE
650 _aINTERNATIONAL BUSINESS ENTERPRISE --DEVELOPING COUNTRIES
650 _aBUSINESS ETHICS
942 _2mc
_c029
999 _c81416
_d81416